Loading...
| Fine Arts - Classical Music | 0 | 8 | 0 | 0 | 80 | 54 | 83.00 | 4 | 8 | 0.00 | 0.00 |
| History - American | 0 | 5 | 0 | 2 | 50 | 60 | 96.80 | 0 | 2 | 0.00 | 0.00 |
| History - European | 0 | 5 | 0 | 0 | 50 | 80 | 103.80 | 0 | 3 | 0.00 | 0.00 |
| Fine Arts - Painting and Sculpture | 0 | 4 | 1 | 0 | 35 | 74 | 91.00 | 0 | 3 | 0.00 | 0.00 |
| History - World | 0 | 4 | 2 | 0 | 30 | 50 | 75.75 | 2 | 3 | 0.00 | 0.00 |
| Fine Arts - Other | 0 | 4 | 3 | 0 | 25 | 9 | 73.75 | 1 | 3 | 0.00 | 0.00 |
| Philosophy | 0 | 2 | 1 | 0 | 15 | 110 | 113.50 | 0 | 1 | 0.00 | 0.00 |
| Current Events | 0 | 1 | 0 | 0 | 10 | 81 | 81.00 | 0 | 0 | 0.00 | 0.00 |
| Geography | 0 | 1 | 0 | 1 | 10 | 126 | 126.00 | 0 | 0 | 0.00 | 0.00 |
| History - Other | 0 | 2 | 2 | 0 | 10 | 94 | 95.00 | 0 | 1 | 0.00 | 0.00 |
| Literature - World | 0 | 1 | 0 | 0 | 10 | 93 | 93.00 | 0 | 1 | 0.00 | 0.00 |
| Mythology | 0 | 1 | 0 | 0 | 10 | 86 | 86.00 | 1 | 1 | 0.00 | 0.00 |
| Popular Culture | 0 | 1 | 0 | 1 | 10 | 138 | 138.00 | 0 | 0 | 0.00 | 0.00 |
| Religion | 0 | 1 | 1 | 0 | 5 | 97 | 97.00 | 0 | 0 | 0.00 | 0.00 |
| Social Science | 0 | 1 | 1 | 0 | 5 | 67 | 67.00 | 0 | 1 | 0.00 | 0.00 |